[Event "Black Sea GP Rapid"]
[Site "Evpatoria"]
[Date "2021.10.28"]
[Round "1"]
[White "Petrov, Nikita"]
[Black "Polukhin, Sergey"]
[Result "1-0"]
[WhiteElo "2539"]
[BlackElo "1410"]
[PlyCount "24"]
[EventDate "2021.10.28"]
[EventType "swiss (rapid)"]
[EventRounds "9"]
[EventCountry "UKR"]
[SourceTitle "CBM 204 Extra"]
[Source "ChessBase"]
[SourceDate "2021.11.30"]
[SourceVersion "1"]
[SourceVersionDate "2021.11.30"]
[SourceQuality "1"]

1. d4 f5 2. Nc3 g6 3. h4 Nf6 4. h5 Nxh5 5. e4 d6 6. exf5 Bxf5 7. g4 Bxg4 8. Qxg4 Nf6 9. Qg2 Nc6 10. Bb5 Qd7 11. d5 Nb8 12. Bxd7+ Kxd7 1-0

[Event "Black Sea GP"]
[Site "Evpatoria"]
[Date "2021.10.24"]
[Round "6"]
[White "Brusilovskiy, Boris"]
[Black "Polukhin, Sergey"]
[Result "1/2-1/2"]
[WhiteElo "2067"]
[BlackElo "1410"]
[PlyCount "98"]
[EventDate "2021.10.19"]
[EventType "swiss"]
[EventRounds "9"]
[EventCountry "UKR"]
[SourceTitle "EXT 2023"]
[Source "ChessBase"]
[SourceDate "2022.10.05"]
[SourceVersion "1"]
[SourceVersionDate "2022.10.05"]
[SourceQuality "1"]

1. e4 c5 2. c3 g6 3. d4 cxd4 4. cxd4 d5 5. e5 Nc6 6. Nf3 Bg4 7. Be2 Nh6 8. 0-0 Nf5 9. Nbd2 a5 10. h3 Bxf3 11. Nxf3 Qb6 12. Bd3 Nfxd4 13. Nxd4 Qxd4 14. Qb3 Qb4 15. Qxd5 Rd8 16. Qb5 Bg7 17. Be3 Qxb5 18. Bxb5 Bxe5 19. Bh6 f6 20. h4 Kf7 21. Rae1 Rd4 22. f4 Bd6 23. b3 Re8 24. g3 Rd2 25. f5 Rd4 26. Bc4+ Rxc4 27. bxc4 Bxg3 28. Rb1 gxf5 29. Rxb7 Rg8 30. Kh1 Rg4 31. Bd2 f4 32. Be1 Rxh4+ 33. Kg1 Nd4 34. Rd7 Ne2+ 35. Kg2 Rh2+ 36. Kf3 Kg6 37. Rd2 Bxe1 38. Rxe1 Kf5 39. Rdxe2 Rh3+ 40. Kf2 e5 41. Rb1 f3 42. Re3 Kf4 43. Rbb3 e4 44. c5 Rh2+ 45. Ke1 Rh1+ 46. Kf2 Rh2+ 47. Ke1 Rh1+ 48. Kf2 Rh2+ 49. Ke1 Rh1+ 1/2-1/2

[Event "Black Sea GP"]
[Site "Evpatoria"]
[Date "2021.10.23"]
[Round "5"]
[White "Cherunov, Svyatoslav"]
[Black "Polukhin, Sergey"]
[Result "0-1"]
[WhiteElo "1240"]
[BlackElo "1410"]
[PlyCount "64"]
[EventDate "2021.10.19"]
[EventType "swiss"]
[EventRounds "9"]
[EventCountry "UKR"]
[SourceTitle "EXT 2023"]
[Source "ChessBase"]
[SourceDate "2022.10.05"]
[SourceVersion "1"]
[SourceVersionDate "2022.10.05"]
[SourceQuality "1"]

1. e4 c5 2. Nf3 Nc6 3. Nc3 g6 4. d3 Bg7 5. Bd2 Nf6 6. g3 0-0 7. Bg2 d6 8. h3 Bd7 9. 0-0 Kh8 10. Re1 Ng8 11. Rb1 Rb8 12. Re2 b5 13. Qc1 Be6 14. a3 a5 15. Nd5 b4 16. c3 bxa3 17. bxa3 Qd7 18. Nb6 Qa7 19. Nd5 Rxb1 20. Qxb1 Rb8 21. Qa2 a4 22. Re1 Qb7 23. Bc1 Bxc3 24. Re2 Qb1 25. Qxb1 Rxb1 26. Rc2 Bg7 27. Kh2 Na5 28. Nf4 Bb3 29. Ng5 f6 30. Nfe6 fxg5 31. Nxg7 Bxc2 32. Ne6 Rxc1 0-1

[Event "Black Sea GP"]
[Site "Evpatoria"]
[Date "2021.10.22"]
[Round "4"]
[White "Polukhin, Sergey"]
[Black "Tomilova, Elena"]
[Result "1/2-1/2"]
[WhiteElo "1410"]
[BlackElo "2256"]
[PlyCount "94"]
[EventDate "2021.10.19"]
[EventType "swiss"]
[EventRounds "9"]
[EventCountry "UKR"]
[SourceTitle "EXT 2023"]
[Source "ChessBase"]
[SourceDate "2022.10.05"]
[SourceVersion "1"]
[SourceVersionDate "2022.10.05"]
[SourceQuality "1"]

1. e4 e6 2. d4 d5 3. exd5 exd5 4. Nf3 Nc6 5. Bd3 Bd6 6. c3 Nge7 7. Qc2 Bg4 8. Nbd2 Qd7 9. 0-0 f6 10. b4 a6 11. a4 Kf7 12. Ba3 Ng6 13. b5 Nce7 14. Bxd6 Qxd6 15. c4 Nf4 16. cxd5 Nxd3 17. Qxd3 Qxd5 18. Rac1 Bf5 19. Qc4 Qxc4 20. Nxc4 axb5 21. axb5 Rhd8 22. Rfd1 Ra4 23. Ne3 Rd7 24. Nxf5 Nxf5 25. d5 Rb4 26. Rb1 Rxd5 27. g3 Rbxb5 28. Rxb5 Rxd1+ 29. Kg2 Nd6 30. Rc5 c6 31. g4 Ne4 32. Rc4 Ng5 33. Nh4 g6 34. Kg3 Rd6 35. f4 Rd3+ 36. Kg2 Ne6 37. Nf3 b5 38. Rb4 Ra3 39. f5 Ng5 40. Ng1 Ra4 41. Rxa4 bxa4 42. Ne2 gxf5 43. gxf5 a3 44. Nc3 Ne4 45. Na2 Nd6 46. Kf3 Nxf5 47. Ke4 Ke6 1/2-1/2